Clarence Seedorf's AC Milan - Statistics

General Stats
  • This quiz has been taken 13 times
  • The average score is 17 of 28
Answer Stats
Rank Player Position Nationality Matches Goals Assists % Correct
1 Kaká Attacking Midfield 20 3 4
100%
5 Christian Abbiati Goalkeeper 18 0 0
92%
9 Keisuke Honda Attacking Midfield 14 1 2
92%
18 Ignazio Abate Right-Back 11 0 0
83%
4 Mario Balotelli Centre-Forward 19 8 4
83%
3 Nigel de Jong Defensive Midfield 19 2 0
83%
11 Philippe Mexès Centre-Back 13 1 0
83%
24 Cristian Zapata Centre-Back 3 0 0
75%
19 Michael Essien Defensive Midfield 9 0 0
75%
16 Robinho Left Winger 11 0 0
75%
25 Stephan El Shaarawy Left Winger 2 0 0
75%
10 Sulley Muntari Central Midfield 14 1 1
75%
8 Adel Taarabt Central Midfield 16 4 2
67%
12 Daniele Bonera Centre-Back 13 0 0
67%
15 Kévin Constant Left-Back 12 0 1
67%
22 Valter Birsa Attacking Midfield 5 0 1
67%
2 Adil Rami Centre-Back 20 3 1
58%
14 Mattia De Sciglio Right-Back 12 0 0
58%
7 Riccardo Montolivo Defensive Midfield 16 1 2
58%
17 Andrea Poli Central Midfield 11 0 1
50%
6 Giampaolo Pazzini Centre-Forward 18 2 1
50%
13 Urby Emanuelson Central Midfield 13 0 1
50%
20 Marco Amelia Goalkeeper 5 0 0
42%
27 Antonio Nocerino Central Midfield 1 0 0
33%
21 Cristian Zaccardo Centre-Back 5 0 0
33%
28 Matías Silvestre Centre-Back 1 0 0
25%
23 Riccardo Saponara Attacking Midfield 4 0 0
17%
26 Andrea Petagna Centre-Forward 2 0 0
8%
No matching quizzes found
Score Distribution
Percent of People with Each Score
Percentile by Number Answered
Your Score History
You have not taken this quiz